000 00299nam a22001337a 4500
008 170802b xxu||||| |||| 00| 0 eng d
020 _a9780782116564
041 _aeng
080 _a004
100 _a32
101 _aSHK
245 _aMOSAIC ACCESS TO THE INTERNET
_cTAUBER,D.A
942 _2udc
_cBK
999 _c22548
_d22548